000 00394nam a2200169Ia 4500
001 9482
003 IN-NITTTR
005 20251114233048.0
008 251113s9999||||xx |||||||||||||| ||eng||
040 _beng
040 _cIN-NITTTR
041 _aeng
082 _aR624.171 M421H
100 _aMatheson, J. A. L.
245 0 _aHyperstatic structures /
_cMatheson, J. A. L.
942 _2ddc
_cBK
999 _c12119
_d12119